[Event "Festival Aloas 2014 - Magistral"]
[Site "Buenos Aires ARG"]
[Date "2014.11.23"]
[Round "5.4"]
[White "Cori Quispe, Kevin"]
[Black "Sorin, Ariel"]
[Result "1/2-1/2"]
[WhiteElo "2412"]
[BlackElo "2442"]
[PlyCount "117"]
[EventDate "2014.11.20"]
[EventType "tourn"]
[EventRounds "9"]
[EventCountry "ARG"]
[EventCategory "8"]
[Source "lmi"]
[SourceDate "2014.11.20"]

1. e4 e5 2. Nf3 Nc6 3. d4 exd4 4. Nxd4 Bc5 5. Be3 Qf6 6. c3 Nge7 7. Bc4 Ne5 8.
Be2 d6 9. O-O Qg6 10. f4 Qxe4 11. Bf2 Bxd4 12. cxd4 N5g6 13. g3 O-O 14. Nc3 Qf5
15. d5 Bd7 16. Bf3 c6 17. Rc1 cxd5 18. h4 Rfc8 19. h5 Nf8 20. Re1 Be6 21. Nb5
Rxc1 22. Qxc1 Rc8 23. Qa1 Qd3 24. Be2 Qd2 25. Nc3 d4 26. Ne4 Qb4 27. a3 Qb6 28.
b4 Nf5 29. g4 Ne3 30. Bxe3 dxe3 31. h6 f6 32. hxg7 Nd7 33. Nxf6+ Nxf6 34. Qxf6
Bf7 35. Bf3 Re8 36. Kg2 d5 37. Qxb6 axb6 38. Rd1 d4 39. Be2 Rd8 40. Bd3 Kxg7
41. Rc1 Ra8 42. Rc7 Kf8 43. Rd7 Be6 44. Rxd4 Bxg4 45. Bxh7 Rxa3 46. Bd3 Ra2+
47. Kg3 e2 48. Kf2 Rd2 49. Rd8+ Kg7 50. Rd5 Bf3 51. Rg5+ Kh6 52. Bb5 Rd4 53.
Bxe2 Rxf4 54. Rg1 Bc6+ 55. Ke3 Rxb4 56. Bd3 Rb3 57. Kd4 b5 58. Rb1 Rxb1 59.
Bxb1 1/2-1/2

[Event "Festival Aloas 2014 - Magistral"]
[Site "Buenos Aires ARG"]
[Date "2014.11.23"]
[Round "5.5"]
[White "Dolezal, Cristian"]
[Black "Saldaño Dayer, Horacio"]
[Result "1/2-1/2"]
[WhiteElo "2386"]
[BlackElo "2449"]
[PlyCount "50"]
[EventDate "2014.11.20"]
[EventType "tourn"]
[EventRounds "9"]
[EventCountry "ARG"]
[EventCategory "8"]
[Source "lmi"]
[SourceDate "2014.11.20"]

1. Nf3 c5 2. c4 g6 3. g3 Bg7 4. Bg2 Nc6 5. Nc3 e5 6. O-O Nge7 7. Ne1 O-O 8. Nc2
d6 9. Ne3 Be6 10. d3 Qd7 11. Ned5 Bh3 12. Bh6 Nxd5 13. Nxd5 Bxg2 14. Bxg7 Kxg7
15. Kxg2 f5 16. f4 Rae8 17. Qd2 Ne7 18. Nxe7 Rxe7 19. e3 d5 20. Rad1 Rb8 21. b3
dxc4 22. bxc4 Kg8 23. Qf2 b6 24. Kg1 e4 25. dxe4 Qc6 1/2-1/2

[Event "Festival Aloas 2014 - Magistral"]
[Site "Buenos Aires ARG"]
[Date "2014.11.24"]
[Round "6.1"]
[White "Garcia Palermo, Carlos"]
[Black "Saldaño Dayer, Horacio"]
[Result "0-1"]
[WhiteElo "2449"]
[BlackElo "2449"]
[PlyCount "111"]
[EventDate "2014.11.20"]
[EventType "tourn"]
[EventRounds "9"]
[EventCountry "ARG"]
[EventCategory "8"]
[Source "lmi"]
[SourceDate "2014.11.20"]

1. d4 d6 2. g3 g6 3. Bg2 Bg7 4. e4 Nf6 5. Ne2 O-O 6. O-O e5 7. d5 c6 8. c4 a5
9. Nbc3 Na6 10. h3 cxd5 11. cxd5 Bd7 12. a4 Nc5 13. Be3 Rc8 14. Nc1 Ne8 15. Nb3
b6 16. f4 exf4 17. Bxf4 Qe7 18. Nd4 Be5 19. Ra3 g5 20. Bxe5 dxe5 21. Nc2 Nd6
22. Ne3 f6 23. Qe2 Qe8 24. Rfa1 Qd8 25. Bf3 Kh8 26. Kg2 Rc7 27. Rb1 Ra7 28. Nc4
Ncb7 29. Nxd6 Nxd6 30. b4 axb4 31. Rxb4 b5 32. Qf2 Qc7 33. a5 Rfa8 34. Be2 Kg7
35. Nxb5 Bxb5 36. Bxb5 Rxa5 37. Rxa5 Rxa5 38. Bc6 Qa7 39. Qxa7+ Rxa7 40. Ba4 h5
41. Kf3 Rc7 42. Bc6 Ra7 43. Ba4 Kf7 44. Ke3 Ra5 45. Kd3 Ke7 46. h4 g4 47. Ke3
Rc5 48. Kd2 Kd8 49. Bc2 Kc7 50. Bd3 Ra5 51. Rb2 Ra3 52. Rc2+ Kd7 53. Ke3 f5 54.
Rc6 fxe4 55. Rxd6+ Kxd6 56. Kxe4 0-1

[Event "Festival Aloas 2014 - Magistral"]
[Site "Buenos Aires ARG"]
[Date "2014.11.24"]
[Round "6.2"]
[White "Sorin, Ariel"]
[Black "Dolezal, Cristian"]
[Result "1/2-1/2"]
[WhiteElo "2442"]
[BlackElo "2386"]
[PlyCount "81"]
[EventDate "2014.11.20"]
[EventType "tourn"]
[EventRounds "9"]
[EventCountry "ARG"]
[EventCategory "8"]
[Source "lmi"]
[SourceDate "2014.11.20"]

1. d4 e6 2. c4 f5 3. Nf3 Nf6 4. g3 c6 5. Bg2 d5 6. O-O Be7 7. b3 O-O 8. Qc2 Ne4
9. Bb2 b6 10. Ne5 Bb7 11. f3 Nd6 12. Nd2 Nd7 13. Nd3 Re8 14. e4 g6 15. Rae1 Nf8
16. g4 Bg5 17. exf5 exf5 18. c5 Nf7 19. gxf5 Be3+ 20. Kh1 Ba6 21. f4 Qf6 22.
fxg6 Nxg6 23. Ne5 Bxf1 24. Rxf1 Bxf4 25. Ndf3 Ngxe5 26. dxe5 Qh6 27. Qf2 Qh5
28. Nh4 Bg5 29. e6 Rxe6 30. Qd4 Ne5 31. Bh3 Rae8 32. Bxe6+ Rxe6 33. cxb6 axb6
34. Nf5 Bf6 35. Qxb6 Nf3 36. Qb8+ Kf7 37. Qc7+ Ke8 38. Qc8+ Kf7 39. Qc7+ Ke8
40. Qc8+ Kf7 41. Qc7+ 1/2-1/2

[Event "Festival Aloas 2014 - Magistral"]
[Site "Buenos Aires ARG"]
[Date "2014.11.24"]
[Round "6.3"]
[White "Pichot, Alan"]
[Black "Cori Quispe, Kevin"]
[Result "1-0"]
[WhiteElo "2464"]
[BlackElo "2412"]
[PlyCount "51"]
[EventDate "2014.11.20"]
[EventType "tourn"]
[EventRounds "9"]
[EventCountry "ARG"]
[EventCategory "8"]
[Source "lmi"]
[SourceDate "2014.11.20"]

1. e4 c5 2. Nf3 e6 3. d4 cxd4 4. Nxd4 Nc6 5. Nc3 Qc7 6. Be3 a6 7. Qd2 Nf6 8. f4
Be7 9. e5 Ng4 10. Bg1 f6 11. h3 Nxd4 12. hxg4 fxe5 13. O-O-O Nb5 14. Na4 exf4
15. Nb6 Rb8 16. a4 Na7 17. Nd5 exd5 18. Bxa7 Ra8 19. Bd4 O-O 20. Qd3 g6 21. Qh3
Rf7 22. Bd3 Qc6 23. Rde1 Kf8 24. Qh6+ Ke8 25. Qg5 Kf8 26. Rxh7 1-0

[Event "Festival Aloas 2014 - Magistral"]
[Site "Buenos Aires ARG"]
[Date "2014.11.24"]
[Round "6.4"]
[White "Della Morte, German"]
[Black "Villanueva, Mario"]
[Result "1-0"]
[WhiteElo "2392"]
[BlackElo "2429"]
[PlyCount "71"]
[EventDate "2014.11.20"]
[EventType "tourn"]
[EventRounds "9"]
[EventCountry "ARG"]
[EventCategory "8"]
[Source "lmi"]
[SourceDate "2014.11.20"]

1. e4 e5 2. Nf3 Nc6 3. Bc4 Nf6 4. d3 Be7 5. O-O O-O 6. Bb3 d5 7. exd5 Nxd5 8.
Re1 Bg4 9. h3 Bh5 10. g4 Bg6 11. Nxe5 Nxe5 12. Rxe5 c6 13. Qf3 Bd6 14. Re2 f5
15. g5 f4 16. h4 Kh8 17. Nc3 Nxc3 18. bxc3 h6 19. Be6 hxg5 20. Qg4 Qe8 21. hxg5
Bh5 22. Qh4 Rf5 23. Re4 Re5 24. Rxe5 Bxe5 25. Bg4 g6 26. d4 Bg7 27. Bxf4 Kg8
28. Bxh5 gxh5 29. Be5 Bxe5 30. dxe5 Qxe5 31. Qxh5 Qxc3 32. Rd1 Rf8 33. g6 Qg7
34. Rd3 Rf6 35. Rd8+ Rf8 36. Qh7+ 1-0

[Event "Festival Aloas 2014 - Magistral"]
[Site "Buenos Aires ARG"]
[Date "2014.11.24"]
[Round "6.5"]
[White "Bachmann, Axel"]
[Black "Blit, Jacques"]
[Result "1-0"]
[WhiteElo "2621"]
[BlackElo "2337"]
[PlyCount "53"]
[EventDate "2014.11.20"]
[EventType "tourn"]
[EventRounds "9"]
[EventCountry "ARG"]
[EventCategory "8"]
[Source "lmi"]
[SourceDate "2014.11.20"]

1. d4 Nf6 2. Nf3 g6 3. Bf4 d6 4. h3 Bg7 5. e3 O-O 6. Be2 Qe8 7. O-O Nfd7 8. c4
e5 9. Bh2 Nc6 10. Nc3 f5 11. Nd5 Qd8 12. Rc1 exd4 13. exd4 g5 14. c5 g4 15.
hxg4 fxg4 16. Nd2 Bxd4 17. cxd6 cxd6 18. Bxg4 Nde5 19. Bxc8 Rxc8 20. Nb3 Qg5
21. Bf4 Rxf4 22. Nxf4 Re8 23. Qh5 Qxf4 24. Qxe8+ Kg7 25. Nxd4 Nxd4 26. Qh5 Qe4
27. Kh1 1-0

[Event "Festival Aloas 2014 - Magistral"]
[Site "Buenos Aires ARG"]
[Date "2014.11.25"]
[Round "7.1"]
[White "Blit, Jacques"]
[Black "Garcia Palermo, Carlos"]
[Result "0-1"]
[WhiteElo "2337"]
[BlackElo "2449"]
[PlyCount "96"]
[EventDate "2014.11.20"]
[EventType "tourn"]
[EventRounds "9"]
[EventCountry "ARG"]
[EventCategory "8"]
[Source "lmi"]
[SourceDate "2014.11.20"]

1. e4 d5 2. exd5 Qxd5 3. Nc3 Qd6 4. d4 Nf6 5. Be2 g6 6. h3 Bg7 7. Nf3 c6 8. O-O
O-O 9. Bg5 Bf5 10. g4 Be6 11. Qd2 Nbd7 12. Bh6 Nb6 13. Rfe1 Rfe8 14. Qg5 Bd5
15. Nxd5 Nbxd5 16. Rad1 Bxh6 17. Qxh6 Qf4 18. Ng5 e5 19. Bc4 exd4 20. Bxd5 cxd5
21. Nxf7 Qxh6 22. Nxh6+ Kg7 23. g5 Rxe1+ 24. Rxe1 Ne4 25. Ng4 Rf8 26. Kg2 Nxg5
27. Re5 Rf5 28. Re7+ Rf7 29. Re5 Nf3 30. Rxd5 Ne1+ 31. Kg1 Nxc2 32. Ne5 Rc7 33.
Nf3 Kf6 34. Nxd4 Nxd4 35. Rxd4 Rc2 36. Rb4 b6 37. Kg2 Ke5 38. Kf3 Kd5 39. Ke3
Kc5 40. Rb3 b5 41. Rc3+ Rxc3+ 42. bxc3 Kc4 43. Kd2 g5 44. Kc2 h5 45. Kd2 h4 46.
f3 Kd5 47. Kd3 Ke5 48. Ke3 Kf5 0-1

[Event "Festival Aloas 2014 - Magistral"]
[Site "Buenos Aires ARG"]
[Date "2014.11.25"]
[Round "7.2"]
[White "Villanueva, Mario"]
[Black "Bachmann, Axel"]
[Result "1/2-1/2"]
[WhiteElo "2429"]
[BlackElo "2621"]
[PlyCount "67"]
[EventDate "2014.11.20"]
[EventType "tourn"]
[EventRounds "9"]
[EventCountry "ARG"]
[EventCategory "8"]
[Source "lmi"]
[SourceDate "2014.11.20"]

1. e4 e5 2. Nf3 Nc6 3. Bb5 a6 4. Ba4 d6 5. c4 Bd7 6. d4 exd4 7. Nxd4 Nf6 8. Nc3
Be7 9. O-O Nxd4 10. Bxd7+ Nxd7 11. Qxd4 Bf6 12. Qd2 O-O 13. b3 Bxc3 14. Qxc3
Qf6 15. Qxf6 Nxf6 16. f3 a5 17. Be3 Nd7 18. Rfd1 b6 19. Rd5 f6 20. Kf2 Kf7 21.
g4 Ne5 22. h3 a4 23. b4 Nxc4 24. Rc1 c6 25. Rh5 b5 26. Rxh7 Rfe8 27. Bd4 Rad8
28. g5 Rh8 29. Rxh8 Rxh8 30. gxf6 gxf6 31. Kg3 Rg8+ 32. Kf2 Rh8 33. Kg3 Rg8+
34. Kf2 1/2-1/2

[Event "Festival Aloas 2014 - Magistral"]
[Site "Buenos Aires ARG"]
[Date "2014.11.25"]
[Round "7.3"]
[White "Cori Quispe, Kevin"]
[Black "Della Morte, German"]
[Result "0-1"]
[WhiteElo "2412"]
[BlackElo "2392"]
[PlyCount "86"]
[EventDate "2014.11.20"]
[EventType "tourn"]
[EventRounds "9"]
[EventCountry "ARG"]
[EventCategory "8"]
[Source "lmi"]
[SourceDate "2014.11.20"]

1. e4 e5 2. Nf3 Nc6 3. d4 exd4 4. Nxd4 Bc5 5. Nb3 Bb6 6. Nc3 Nf6 7. Qe2 a5 8.
a4 d6 9. Be3 Bxe3 10. Qxe3 O-O 11. O-O-O Be6 12. f3 Bxb3 13. cxb3 Qe7 14. g4
Nb4 15. Bc4 c6 16. Rhe1 Rfe8 17. Qd2 Rad8 18. Kb1 Qc7 19. Qf4 Re5 20. g5 Ne8
21. Qd2 Rb8 22. f4 Rc5 23. e5 d5 24. Qd4 Qe7 25. Bf1 g6 26. e6 fxe6 27. Bh3 Ng7
28. Rd2 Na6 29. Rde2 Nc7 30. Nd1 b5 31. Nf2 bxa4 32. Nd3 Rcb5 33. bxa4 Rb3 34.
Bg4 Qf8 35. Rc1 Nf5 36. Qe5 Rxd3 37. Qxc7 Nd4 38. Qe5 Re8 39. Rxc6 Rd1+ 40. Ka2
Qb4 41. Rc3 Qxa4+ 42. Ra3 Qc4+ 43. b3 Qc1 0-1

[Event "Festival Aloas 2014 - Magistral"]
[Site "Buenos Aires ARG"]
[Date "2014.11.25"]
[Round "7.4"]
[White "Dolezal, Cristian"]
[Black "Pichot, Alan"]
[Result "0-1"]
[WhiteElo "2386"]
[BlackElo "2464"]
[PlyCount "132"]
[EventDate "2014.11.20"]
[EventType "tourn"]
[EventRounds "9"]
[EventCountry "ARG"]
[EventCategory "8"]
[Source "lmi"]
[SourceDate "2014.11.20"]

1. d4 Nf6 2. g3 c5 3. e3 g6 4. Bg2 Bg7 5. Ne2 O-O 6. O-O d6 7. c4 Nc6 8. Nbc3
Bg4 9. h3 Bd7 10. b3 a6 11. Bb2 Rb8 12. Rc1 cxd4 13. exd4 b5 14. cxb5 axb5 15.
d5 Na5 16. Nd4 Qb6 17. Nce2 e5 18. Nc6 Ra8 19. Bc3 Nb7 20. Bd2 Kh8 21. Be3 Qa6
22. Nc3 Na5 23. Nb4 Qb7 24. Qd2 Rac8 25. g4 Ne8 26. f4 f5 27. g5 exf4 28. Bd4
Bxd4+ 29. Qxd4+ Ng7 30. Ne2 f3 31. Bxf3 f4 32. Nxf4 Bxh3 33. Bg2 Bxg2 34. Kxg2
Rxc1 35. Rxc1 Kg8 36. Re1 Qf7 37. Nbd3 Qf5 38. Kh2 Qg4 39. Qg1 Rxf4 40. Nxf4
Qxf4+ 41. Kh1 Nf5 42. Re8+ Kf7 43. Qe1 Qf3+ 44. Kg1 Qg4+ 45. Kf2 Qf4+ 46. Kg1
Qxg5+ 47. Kf1 Qf4+ 48. Kg2 Qg4+ 49. Kh2 Qf4+ 50. Kg2 b4 51. Ra8 Ne3+ 52. Kg1
Qg4+ 53. Kf2 Nd1+ 54. Kf1 Qf4+ 55. Kg2 Ne3+ 56. Kg1 Qg5+ 57. Kf2 Ng4+ 58. Kf1
Qf4+ 59. Kg2 Qh2+ 60. Kf1 Qh1+ 61. Ke2 Qg2+ 62. Kd1 Qxd5+ 63. Kc2 Qxa8 64. Qxb4
Ne3+ 65. Kd3 Qd5+ 66. Kxe3 Qc5+ 0-1

[Event "Festival Aloas 2014 - Magistral"]
[Site "Buenos Aires ARG"]
[Date "2014.11.25"]
[Round "7.5"]
[White "Saldaño Dayer, Horacio"]
[Black "Sorin, Ariel"]
[Result "1/2-1/2"]
[WhiteElo "2449"]
[BlackElo "2442"]
[PlyCount "45"]
[EventDate "2014.11.20"]
[EventType "tourn"]
[EventRounds "9"]
[EventCountry "ARG"]
[EventCategory "8"]
[Source "lmi"]
[SourceDate "2014.11.20"]

1. b3 e5 2. Bb2 Nc6 3. e3 d6 4. Nf3 Nf6 5. Be2 g6 6. d4 exd4 7. exd4 Bg7 8. d5
Ne7 9. c4 O-O 10. O-O Bg4 11. Nd4 Bxe2 12. Qxe2 Qd7 13. Qf3 Qg4 14. Nd2 Qxf3
15. N2xf3 a6 16. Rfe1 Rfe8 17. Re2 Kf8 18. Kf1 b5 19. Rae1 bxc4 20. bxc4 Nc8
21. Nb3 Rxe2 22. Rxe2 Nb6 23. Bxf6 1/2-1/2

[Event "Festival Aloas 2014 - Magistral"]
[Site "Buenos Aires ARG"]
[Date "2014.11.26"]
[Round "8.1"]
[White "Garcia Palermo, Carlos"]
[Black "Sorin, Ariel"]
[Result "0-1"]
[WhiteElo "2449"]
[BlackElo "2442"]
[PlyCount "51"]
[EventDate "2014.11.20"]
[EventType "tourn"]
[EventRounds "9"]
[EventCountry "ARG"]
[EventCategory "8"]
[Source "lmi"]
[SourceDate "2014.11.20"]

1. Nf3 Nf6 2. g3 g6 3. b3 Bg7 4. Bb2 O-O 5. Bg2 c5 6. c4 Nc6 7. O-O d6 8. d4
Ne4 9. e3 Bg4 10. Qc1 Qa5 11. Ne1 Nf6 12. d5 Nb4 13. Nc3 Bd7 14. a3 Na6 15. e4
b5 16. e5 dxe5 17. Nd3 bxc4 18. Nxe5 cxb3 19. d6 Rae8 20. Nc6 Bxc6 21. Bxc6
exd6 22. Bxe8 Rxe8 23. Rd1 c4 24. Rxd6 Nc5 25. Nd5 Nxd5 26. Bxg7 0-1

[Event "Festival Aloas 2014 - Magistral"]
[Site "Buenos Aires ARG"]
[Date "2014.11.26"]
[Round "8.2"]
[White "Pichot, Alan"]
[Black "Saldaño Dayer, Horacio"]
[Result "1/2-1/2"]
[WhiteElo "2464"]
[BlackElo "2449"]
[PlyCount "89"]
[EventDate "2014.11.20"]
[EventType "tourn"]
[EventRounds "9"]
[EventCountry "ARG"]
[EventCategory "8"]
[Source "lmi"]
[SourceDate "2014.11.20"]

1. e4 e5 2. Nf3 Nc6 3. Bb5 a6 4. Ba4 Nf6 5. O-O Be7 6. Re1 b5 7. Bb3 d6 8. c3
O-O 9. h3 Nd7 10. d4 Nb6 11. Nbd2 Bf6 12. Nf1 Re8 13. Ng3 g6 14. Bh6 Na5 15.
Bc2 c5 16. d5 Nb7 17. b3 a5 18. a4 b4 19. c4 Bg7 20. Bg5 f6 21. Be3 Rf8 22. Nh2
Qe7 23. f4 exf4 24. Bxf4 Nd7 25. Qd2 Ne5 26. Rf1 Nd8 27. Bh6 Bxh6 28. Qxh6 Qg7
29. Qe3 Ndf7 30. Rf2 Qh6 31. Rf4 Qg7 32. Raf1 Nh6 33. Qf2 Ra7 34. Rxf6 Rxf6 35.
Qxf6 Qxf6 36. Rxf6 Nhf7 37. Ne2 Kg7 38. Rf1 Re7 39. Nf4 Re8 40. Nf3 Re7 41. Kh2
Re8 42. g4 Nxf3+ 43. Rxf3 Ne5 44. Rf1 h6 45. Kg2 1/2-1/2

[Event "Festival Aloas 2014 - Magistral"]
[Site "Buenos Aires ARG"]
[Date "2014.11.26"]
[Round "8.3"]
[White "Della Morte, German"]
[Black "Dolezal, Cristian"]
[Result "0-1"]
[WhiteElo "2392"]
[BlackElo "2386"]
[PlyCount "80"]
[EventDate "2014.11.20"]
[EventType "tourn"]
[EventRounds "9"]
[EventCountry "ARG"]
[EventCategory "8"]
[Source "lmi"]
[SourceDate "2014.11.20"]

1. e4 g6 2. d4 Bg7 3. Nc3 d6 4. Be3 a6 5. a4 Nd7 6. Qd2 e6 7. Bd3 Ne7 8. Nf3 h6
9. O-O b6 10. h3 Bb7 11. Rad1 Kf8 12. Nh2 Kg8 13. f4 f5 14. d5 fxe4 15. Bxe4
Bxc3 16. bxc3 Bxd5 17. Bd3 Nf5 18. Bf2 h5 19. Qe2 Qf6 20. Bxa6 Nc5 21. Bb5 Ne4
22. Rxd5 Nxc3 23. Qd2 Nxd5 24. g4 hxg4 25. hxg4 Nfe7 26. Bg3 c6 27. Bc4 Rxa4
28. Bb3 Ra1 29. Rxa1 Qxa1+ 30. Kg2 Kf7 31. Nf3 Ke8 32. Bh2 Kd7 33. Ng5 b5 34.
Qf2 Nc7 35. Ne4 Ned5 36. Qd2 Qd1 37. Qxd1 Ne3+ 38. Kg1 Nxd1 39. f5 gxf5 40.
gxf5 exf5 0-1

[Event "Festival Aloas 2014 - Magistral"]
[Site "Buenos Aires ARG"]
[Date "2014.11.26"]
[Round "8.4"]
[White "Bachmann, Axel"]
[Black "Cori Quispe, Kevin"]
[Result "1-0"]
[WhiteElo "2621"]
[BlackElo "2412"]
[PlyCount "63"]
[EventDate "2014.11.20"]
[EventType "tourn"]
[EventRounds "9"]
[EventCountry "ARG"]
[EventCategory "8"]
[Source "lmi"]
[SourceDate "2014.11.20"]

1. Nf3 Nf6 2. c4 e6 3. g3 Be7 4. Bg2 O-O 5. O-O d5 6. b3 a5 7. Nc3 c6 8. Bb2
Nbd7 9. Rc1 b6 10. d3 Bb7 11. e3 Rc8 12. Qe2 Re8 13. e4 dxe4 14. Nxe4 Nxe4 15.
dxe4 a4 16. h4 Qc7 17. h5 h6 18. Nh2 Bf6 19. Bxf6 Nxf6 20. e5 Nd7 21. Ng4 axb3
22. axb3 Nc5 23. Nf6+ gxf6 24. exf6 Kh7 25. b4 Rg8 26. bxc5 bxc5 27. Rfd1 Rg5
28. Rc3 Rcg8 29. Qd3+ Kh8 30. Qd7 Qa5 31. Rdd3 Bc8 32. Qxf7 1-0

[Event "Festival Aloas 2014 - Magistral"]
[Site "Buenos Aires ARG"]
[Date "2014.11.26"]
[Round "8.5"]
[White "Blit, Jacques"]
[Black "Villanueva, Mario"]
[Result "1/2-1/2"]
[WhiteElo "2337"]
[BlackElo "2429"]
[PlyCount "28"]
[EventDate "2014.11.20"]
[EventType "tourn"]
[EventRounds "9"]
[EventCountry "ARG"]
[EventCategory "8"]
[Source "lmi"]
[SourceDate "2014.11.20"]

1. e4 e5 2. Nf3 Nf6 3. Nxe5 d6 4. Nf3 Nxe4 5. Qe2 Qe7 6. d3 Nf6 7. Bg5 Qxe2+ 8.
Bxe2 Be7 9. h3 c6 10. Nbd2 Na6 11. Ne4 Nxe4 12. dxe4 Nc5 13. Bxe7 Kxe7 14. Nd2
Be6 1/2-1/2

[Event "Festival Aloas 2014 - Magistral"]
[Site "Buenos Aires ARG"]
[Date "2014.11.27"]
[Round "9.1"]
[White "Villanueva, Mario"]
[Black "Garcia Palermo, Carlos"]
[Result "1/2-1/2"]
[WhiteElo "2429"]
[BlackElo "2449"]
[PlyCount "73"]
[EventDate "2014.11.20"]
[EventType "tourn"]
[EventRounds "9"]
[EventCountry "ARG"]
[EventCategory "8"]
[Source "lmi"]
[SourceDate "2014.11.20"]

1. e4 e5 2. Nf3 Nc6 3. Bb5 a6 4. Ba4 Nf6 5. O-O Be7 6. Re1 b5 7. Bb3 d6 8. c3
O-O 9. d4 Bb7 10. Nbd2 exd4 11. cxd4 Nb4 12. Nf1 a5 13. d5 a4 14. Bc2 Nxc2 15.
Qxc2 Qd7 16. Nd4 Rfc8 17. Ne3 c6 18. dxc6 Bxc6 19. Nxc6 Qxc6 20. Qd3 Nxe4 21.
Nd5 Bf8 22. Rxe4 Qxc1+ 23. Rxc1 Rxc1+ 24. Qf1 Rxf1+ 25. Kxf1 Rc8 26. Rb4 f5 27.
Rxb5 Kf7 28. Ke1 g5 29. Kd2 Ke6 30. Nc3 a3 31. bxa3 Bg7 32. Nd5 Bd4 33. f3 Bc5
34. Nb4 Ra8 35. Nd3 Rxa3 36. Nxc5+ dxc5 37. Rxc5 1/2-1/2

[Event "Festival Aloas 2014 - Magistral"]
[Site "Buenos Aires ARG"]
[Date "2014.11.27"]
[Round "9.2"]
[White "Cori Quispe, Kevin"]
[Black "Blit, Jacques"]
[Result "1/2-1/2"]
[WhiteElo "2412"]
[BlackElo "2337"]
[PlyCount "95"]
[EventDate "2014.11.20"]
[EventType "tourn"]
[EventRounds "9"]
[EventCountry "ARG"]
[EventCategory "8"]
[Source "lmi"]
[SourceDate "2014.11.20"]

1. e4 d6 2. d4 Nf6 3. Nc3 Nbd7 4. Nf3 e5 5. Bc4 Be7 6. O-O c6 7. a4 O-O 8. Re1
Qc7 9. Ba2 Re8 10. h3 Bf8 11. Be3 exd4 12. Bxd4 h6 13. Nh4 c5 14. Bxf6 Nxf6 15.
Ng6 Bd7 16. Nxf8 Kxf8 17. Qd3 Bc6 18. Rad1 Rad8 19. Bc4 a6 20. Re2 Rd7 21. f3
Nh5 22. Red2 Qd8 23. Qe3 Qe7 24. Bd5 Qe5 25. Bxc6 bxc6 26. b3 f5 27. Rf1 Ng3
28. Rfd1 f4 29. Qd3 d5 30. Ne2 Rde7 31. Nxg3 fxg3 32. Re2 Qf4 33. Rde1 dxe4 34.
fxe4 Rf7 35. Qe3 Qe5 36. Rd2 Rf4 37. Qxg3 Kg8 38. Qd3 Rxe4 39. Rxe4 Qxe4 40.
Qxe4 Rxe4 41. Kf2 c4 42. Kf3 Re1 43. bxc4 Ra1 44. Rd6 Rxa4 45. Rxc6 Ra2 46.
Rc8+ Kf7 47. Ra8 Rxc2 48. Rxa6 1/2-1/2

[Event "Festival Aloas 2014 - Magistral"]
[Site "Buenos Aires ARG"]
[Date "2014.11.27"]
[Round "9.3"]
[White "Dolezal, Cristian"]
[Black "Bachmann, Axel"]
[Result "1/2-1/2"]
[WhiteElo "2386"]
[BlackElo "2621"]
[PlyCount "25"]
[EventDate "2014.11.20"]
[EventType "tourn"]
[EventRounds "9"]
[EventCountry "ARG"]
[EventCategory "8"]
[Source "lmi"]
[SourceDate "2014.11.20"]

1. Nf3 Nf6 2. c4 e6 3. g3 d5 4. Bg2 dxc4 5. Qa4+ Nbd7 6. Qxc4 a6 7. Qc2 c5 8.
O-O b5 9. a4 Bb7 10. Nc3 b4 11. Nd1 Rc8 12. b3 Bd6 13. Bb2 1/2-1/2

[Event "Festival Aloas 2014 - Magistral"]
[Site "Buenos Aires ARG"]
[Date "2014.11.27"]
[Round "9.4"]
[White "Saldaño Dayer, Horacio"]
[Black "Della Morte, German"]
[Result "1/2-1/2"]
[WhiteElo "2449"]
[BlackElo "2392"]
[PlyCount "45"]
[EventDate "2014.11.20"]
[EventType "tourn"]
[EventRounds "9"]
[EventCountry "ARG"]
[EventCategory "8"]
[Source "lmi"]
[SourceDate "2014.11.20"]

1. d4 d5 2. c4 c6 3. cxd5 cxd5 4. Bf4 Nc6 5. Nc3 Nf6 6. e3 a6 7. Bd3 Bg4 8.
Nge2 e6 9. O-O Be7 10. f3 Bh5 11. Rc1 O-O 12. Na4 Nd7 13. Bg3 Bg6 14. Nf4 Rc8
15. Bxg6 hxg6 16. Nd3 Bg5 17. Bf4 Bxf4 18. Nxf4 Ne7 19. Rxc8 Qxc8 20. Qd2 Qc6
21. b3 Rc8 22. Nd3 Qc2 23. Rd1 1/2-1/2